Management cases: (Record no. 364732)
[ view plain ]
| 000 -LEADER | |
|---|---|
| fixed length control field | 00542nam a22001697a 4500 |
| 003 - CONTROL NUMBER IDENTIFIER | |
| control field | 1 |
| 005 - DATE AND TIME OF LATEST TRANSACTION | |
| control field | 20240905133815.0 |
| 008 - FIXED-LENGTH DATA ELEMENTS--GENERAL INFORMATION | |
| fixed length control field | 220531b xxu||||| |||| 00| 0 eng d |
| 022 ## - INTERNATIONAL STANDARD SERIAL NUMBER | |
| Source | 979-8-88555-857-0 |
| 050 ## - LIBRARY OF CONGRESS CALL NUMBER | |
| Classification number | HD70 |
| Item number | .M35 2022 |
| 245 ## - TITLE STATEMENT | |
| Title | Management cases: |
| Remainder of title | thriving organizations in the new normal/ |
| Statement of responsibility, etc | Edited by: Rommel Sergio |
| 260 ## - PUBLICATION, DISTRIBUTION, ETC. (IMPRINT) | |
| Place of publication, distribution, etc | United States: |
| Name of publisher, distributor, etc | NotionPress.com |
| Date of publication, distribution, etc | c2022 |
| 300 ## - PHYSICAL DESCRIPTION | |
| Extent | 353 pp. |
| Dimensions | 23 cm. |
| Accompanying material | Includes contributors details. |
| 500 ## - GENERAL NOTE | |
| General note | Management--organizations |
| 500 ## - GENERAL NOTE | |
| General note | Management-global. |
| 942 ## - ADDED ENTRY ELEMENTS (KOHA) | |
| Source of classification or shelving scheme | Library of Congress Classification |
| Koha item type | Books |
| Withdrawn status | Lost status | Source of classification or shelving scheme | Damaged status | Home library | Current library | Shelving location | Date acquired | Source of acquisition | Sub Shelving location | Total Checkouts | Full call number | Barcode | Date last seen | Price effective from | Koha item type | Total Renewals | Date checked out |
|---|---|---|---|---|---|---|---|---|---|---|---|---|---|---|---|---|---|
| Library of Congress Classification | College Library | College Library | Filipiniana Section | 05/31/2022 | Library Fund | HD70 .M35 2022 | C22750 | 05/31/2022 | 05/31/2022 | Books | |||||||
| Library of Congress Classification | College Library | College Library | Filipiniana Section | 05/31/2022 | Library Fund | HD70 .M35 2022 | C22751 | 05/31/2022 | 05/31/2022 | Books | |||||||
| Library of Congress Classification | College Library | College Library | Filipiniana Section | 05/31/2022 | Library Fund | 4 | HD70 .M35 2022 | C22752 | 09/11/2024 | 05/31/2022 | Books | 1 | 12/16/2022 | ||||
| Library of Congress Classification | College Library | College Library | Filipiniana Section | 02/19/2025 | Library Fund | HD70 .M35 2022 | C24240 | 02/19/2025 | 02/19/2025 | Books | |||||||
| Library of Congress Classification | Luxembourg Library | Luxembourg Library | Teachers Reference Section | 09/05/2024 | Library Fund | HD 70 .M35 2022 | 21196 | 09/05/2024 | 09/05/2024 | Books |